| 000 | 00706nam a22002417a 4500 | ||
|---|---|---|---|
| 999 |
_c5830 _d5830 |
||
| 001 | 17422 | ||
| 003 | BD-DhUAP | ||
| 005 | 20201221151542.0 | ||
| 008 | 201221s2011 ii a|||| |||| 001 0 eng d | ||
| 020 | _a9780071067850 | ||
| 020 | _a007106785X | ||
| 040 |
_aBD-DhUAP _bEng _cBD-DhUAP _dBD-DhUAP |
||
| 082 |
_223 _a658.15 KHA |
||
| 100 | _aKhan, M. Y. | ||
| 245 |
_aFinancial management : _btext, problems and cases / _cM. Y. Khan and P. K. Jain. |
||
| 250 | _a6th ed. | ||
| 260 |
_aNew Delhi : _bMcGraw-Hill Education, _cc2011. |
||
| 300 |
_avarious pages : _billustrations ; _c24 cm. |
||
| 500 | _aIncludes index. | ||
| 650 |
_aCorporations _vFinance. |
||
| 700 | _aJain, P. K. | ||
| 942 |
_2ddc _cBK |
||